The choirboys /

An insider's look at a rowdy group of rank and file Los Angeles policemen and their questionable off-duty pursuits. When one of the officers goes too far, protecting their own becomes a challenge for this group of pranksters.

Bibliographic Details
Uniform Title:Choirboys (Motion picture : 1977)
Main Author: DeVol, Frank (Composer)
Corporate Authors: Lorimar Productions, GoodTimes Home Video (Firm)
Other Authors: Knopf, Christopher (Screenwriter), Adelson, Merv (Producer), Rich, Lee (Producer), Aldrich, Robert, 1918-1983 (Director), Durning, Charles, 1923-2012 (Actor), Gossett, Louis, Jr., 1936- (Actor), King, Perry, 1948- (Actor), Kusatsu, Clyde (Actor), Macht, Stephen (Actor), McIntire, Tim (Actor), Quaid, Randy, 1950- (Actor), Sacci, Chuck (Actor), Stroud, Don, 1943- (Actor), Woods, James, 1947- (Actor), Young, Burt (Actor), Webber, Robert, 1924-1989 (Actor), Biroc, Joseph, 1903-1996 (Cinematographer), Winetrobe, Maury (Film editor), Wambaugh, Joseph
Format: Video VHS
Language:English
Language Notes:Closed captioned for the hearing impaired.
Published: New York : GoodTimes Home Video, [1997]
Subjects:

MARC

Tag First Indicator Second Indicator Subfields
LEADER 00000cgm a2200000Ia 4500
001 in00002509708
005 20151201151918.0
007 vf cbahou
008 891009p19971977nyu120 vleng d
020 |a 0766200876 
020 |a 9780766200876 
028 4 1 |a 05-04597  |b GoodTimes Home Video 
035 |a (OCoLC)ocm42372654 
035 |a (OCoLC)42372654 
040 |a TUW  |c TUW  |d OCL  |d OCLCQ  |d OCLCG  |d TEF  |d TXA  |d UtOrBLW 
049 |a TXAM 
050 1 4 |a PN1995.9.P57  |b C46 1997 
082 0 4 |a 791.43 
130 0 |a Choirboys (Motion picture : 1977) 
245 1 4 |a The choirboys /  |c Lorimar Productions ; screenplay by Christopher Knopf ; produced by Merv Adelson and Lee Rich ; directed by Robert Aldrich. 
264 1 |a New York :  |b GoodTimes Home Video,  |c [1997] 
264 4 |c ©1997 
300 |a 1 videocassette (approximately 120 min.) :  |b sound, color ;  |c 1/2 in. 
336 |a two-dimensional moving image  |b tdi  |2 rdacontent 
337 |a video  |b v  |2 rdamedia 
338 |a videocassette  |b vf  |2 rdacarrier 
500 |a Originally released as a motion picture in 1977. 
538 |a VHS. 
546 |a Closed captioned for the hearing impaired. 
500 |a Title from container. 
500 |a Videocassette release of the 1977 motion picture. 
500 |a Based on the novel by Joseph Wambaugh. 
511 1 |a Charles Durning, Louis Gossett, Jr., Perry King, Clyde Kusatsu, Stephen Macht, Tim McIntire, Randy Quaid, Chuck Sacci, Don Stroud, James Woods, Burt Young, Robert Webber. 
508 |a Music by Frank DeVol ; director of photography, Joseph Biroc ; screenplay, Christopher Knopf ; film editor Maury Wintrobe ; executive producers, Pietro and Mario Bregni, Mark Damon. 
521 8 |a MPAA rating: R. 
520 |a An insider's look at a rowdy group of rank and file Los Angeles policemen and their questionable off-duty pursuits. When one of the officers goes too far, protecting their own becomes a challenge for this group of pranksters. 
500 |a Videorecording. 
650 0 |a Police  |z California  |z Los Angeles  |v Drama. 
650 0 |a Police  |x Recreation  |v Drama. 
650 0 |a Police misconduct  |v Drama. 
650 0 |a Feature films. 
650 0 |a Films for the hearing impaired. 
655 7 |a Feature films.  |2 lcgft 
655 7 |a Police films.  |2 lcgft 
655 7 |a Video recordings for the hearing impaired.  |2 lcgft 
700 1 |a Knopf, Christopher,  |e screenwriter. 
700 1 |a Adelson, Merv,  |e producer. 
700 1 |a Rich, Lee,  |e producer. 
700 1 |a Aldrich, Robert,  |d 1918-1983,  |e director. 
700 1 |a Durning, Charles,  |d 1923-2012,  |e actor. 
700 1 |a Gossett, Louis,  |c Jr.,  |d 1936-  |e actor. 
700 1 |a King, Perry,  |d 1948-  |e actor. 
700 1 |a Kusatsu, Clyde,  |e actor. 
700 1 |a Macht, Stephen,  |e actor. 
700 1 |a McIntire, Tim,  |e actor. 
700 1 |a Quaid, Randy,  |d 1950-  |e actor. 
700 1 |a Sacci, Chuck,  |e actor. 
700 1 |a Stroud, Don,  |d 1943-  |e actor. 
700 1 |a Woods, James,  |d 1947-  |e actor. 
700 1 |a Young, Burt,  |e actor. 
700 1 |a Webber, Robert,  |d 1924-1989,  |e actor. 
700 1 |a DeVol, Frank,  |e composer. 
700 1 |a Biroc, Joseph,  |d 1903-1996,  |e cinematographer. 
700 1 |a Winetrobe, Maury,  |e film editor. 
700 1 |a Wambaugh, Joseph.  |t Choirboys. 
710 2 |a Lorimar Productions. 
710 2 |a GoodTimes Home Video (Firm) 
994 |a C0  |b TXA 
948 |a cataloged  |b h  |c 2010/6/28  |d c  |e agaffey  |f 3:45:46 pm 
999 |a MARS 
999 f f |s 76ded06c-c45b-39ad-b76b-b81429fc0f42  |i e6f0cc05-55ef-338b-befd-dafb81603064  |t 0 
952 f f |p ric  |a Texas A&M University  |b Rellis Campus  |c Joint Library Facility  |d Remote Storage  |t 0  |e PN1995.9.P57 C46 1997  |h Library of Congress classification  |i video -- videocassette  |m A14839153641 
998 f f |a PN1995.9.P57 C46 1997  |t 0  |l Remote Storage